| 000 | 00762cam a22002651 4500 | ||
|---|---|---|---|
| 999 |
_c18405 _d18405 |
||
| 001 | 9830019 | ||
| 003 | BDDh-ASL | ||
| 005 | 20231015025715.0 | ||
| 008 | 771206s1960 enk 000 0ceng | ||
| 010 | _a 60003393 | ||
| 035 | _a(OCoLC)3468585 | ||
| 040 |
_aDLC _cOC _dBDDh-ASL _dDLC |
||
| 042 | _apremarc | ||
| 043 | _ae-uk--- | ||
| 050 | 0 | 0 |
_aPJ63 _b.A73 |
| 082 |
_a920 _bARO |
||
| 100 | 1 |
_aArberry, A. J. _q(Arthur John), _d1905-1969. |
|
| 245 | 1 | 0 |
_aOriental essays: _bportraits of seven scholars/ |
| 260 |
_aLondon: _bGeorge Allen & Unwin Ltd., _c1960. |
||
| 300 |
_avi, 261 p. _c23 cm. |
||
| 500 | _aIncludes index. | ||
| 650 | 0 |
_aAsianists _zGreat Britain _vBiography. |
|
| 906 |
_a7 _bcbc _coclcrpl _du _encip _f19 _gy-gencatlg |
||
| 942 |
_2ddc _cBK |
||